So shall you reap / Marilyn Wallace.
Available copies
- 1 of 1 copy available at LARL/NWRL Consortium.
Current holds
0 current holds with 1 total copy.
Show Only Available Copies
| Location | Call Number / Copy Notes | Barcode | Shelving Location | Status | Due Date |
|---|---|---|---|---|---|
| Roseau Public Library | WAL (Text) | 35500001620473 | Main | Available | - |
Record details
- ISBN: 0385422148 :
- Physical Description: 277 p. ; 25 cm.
- Publisher: New York : Doubleday, c1992.
Content descriptions
| General Note: | "A Perfect crime book." |
| LDR | 00826cam a2200229Ia 4500 | ||
|---|---|---|---|
| 001 | 10987 | ||
| 003 | LARL_NWRL_CONSORTIUM | ||
| 005 | 19921012113337.0 | ||
| 008 | 920116s1992 nyu 000 1 eng | ||
| 010 | . | ‡a92000934 | |
| 020 | . | ‡a0385422148 : ‡c$18.50 U.S. ($23.50 Canada) | |
| 035 | . | ‡a(OCoLC)25246292 | |
| 040 | . | ‡aDLC ‡cDLC ‡dLAL | |
| 082 | 0 | 0. | ‡a813/.54 ‡220 |
| 099 | . | ‡aWal | |
| 100 | 1 | . | ‡aWallace, Marilyn. ‡0(LARL_NWRL_CONSORTIUM)85590 |
| 245 | 1 | 0. | ‡aSo shall you reap / ‡cMarilyn Wallace. |
| 260 | . | ‡aNew York : ‡bDoubleday, ‡cc1992. | |
| 300 | . | ‡a277 p. ; ‡c25 cm. | |
| 500 | . | ‡a"A Perfect crime book." | |
| 901 | . | ‡a10987 ‡bOCLC ‡c10987 ‡tbiblio | |

Add to basket
Permalink
Disable Highlighting